| 000 | 00362nam a2200133 a 4500 | ||
|---|---|---|---|
| 005 | 20210219154520.0 | ||
| 008 | 030702s2000 mx r 000 0 spa d | ||
| 035 | _aUPN01000127134 | ||
| 049 | _aSEP | ||
| 050 | 4 |
_aL227 D111 _bM2 1973 |
|
| 110 | 2 | _aConsejo Nacional de Fomento Educativo (México) | |
| 245 | 1 | 0 | _aCrédito educativo en Latinoamérica |
| 905 | _aLibro | ||
| 999 |
_c99313 _d99313 |
||